000
00300nam a22001337a 4500
008
250310b |||||||| |||| 00| 0 eng d
020
_a
9789354669798
040
_a
02
100
_a
CHAURASIA'S,B.D.
245
_a
HUMAN ANATOMY-1
260
_a
NEW DELHI
_b
CBSPD
_c
2024
300
_a
315
942
_c
01
999
_c
65337
_d
65337